• 首页
  • 本馆介绍
  • 公告通知
  • 最新文献
  • 馆藏检索
  • 电子资源
  • 读者导购
  • 参考咨询
  • 我的图书馆
  • 登录
  • 详细信息显示
  • 放入我的书架
  • 预约/预借图书
  • 作者相关作品
  • 分类相关作品
  • 丛书相关作品
  • 出版社相关作品

书目信息

  • 表格格式
  • 工作单格式
  • 卡片格式
题名:
常用字笔顺
    
 
作者: 北京市语言文字工作委员会办公室
分册:  
出版信息: 北京   不详  1989
页数: 382页
开本: 20cm
丛书名:
单 册:
中图分类: H124.1
科图分类:
主题词: 汉字--文字学
电子资源:
ISBN:
000 00643nam0 2200193 450
001 0753395813
005 20070804163251.26
010    @dCNY4.00
100    @a20070803d1989 km y0chiy0120 ea
101 0  @achi
102    @aCN@b110000
200 1  @a常用字笔顺@Achang yong zi bi shun@f北京市语言文字工作委员会办公室@Fbei jing shi yu yan wen zi gong zuo wei yuan hui ban gong shi
210    @a北京@c不详@d1989
215    @a382页@d20cm
606 0  @a汉字@x文字学
690    @aH124.1@v3
701  0 @a北京市语言文字工作委员会办公室@Abei jing shi yu yan wen zi gong zuo wei yuan hui ban gong shi
801  0 @aCN@bPFT@c20070804
905    @a10447@dH124.1@e153
    
    常用字笔顺/北京市语言文字工作委员会办公室.-北京:不详,1989
    382页;20cm
    
    
    ISBN :CNY4.00
    
●
相关链接 在E读中查询图书 在五车中查询图书 在当当中查询图书 在豆瓣中查询图书


正题名:常用字笔顺     索取号:H124.1/153         预约/预借

序号 登录号 条形码 馆藏地/架位号 状态 备注
1 0791621   207916219   第二样本阅览室/ [索取号:H124.1/153] 在馆    
唐山师范学院图书馆 欢迎您!
大连网信软件有限公司© 版权所有